| 000 -LEADER |
| fixed length control field |
01819 a2200241 4500 |
| 003 - CONTROL NUMBER IDENTIFIER |
| control field |
Nust |
| 005 - DATE AND TIME OF LATEST TRANSACTION |
| control field |
20220815124108.0 |
| 010 ## - LIBRARY OF CONGRESS CONTROL NUMBER |
| LC control number |
2003107059 |
| 020 ## - INTERNATIONAL STANDARD BOOK NUMBER |
| International Standard Book Number |
8173660409 |
| 040 ## - CATALOGING SOURCE |
| Transcribing agency |
Nust |
| 082 00 - DEWEY DECIMAL CLASSIFICATION NUMBER |
| Classification number |
005.133,HOR |
| 100 1# - MAIN ENTRY--PERSONAL NAME |
| Personal name |
Horton, Ivor. |
| 9 (RLIN) |
76370 |
| 245 10 - TITLE STATEMENT |
| Title |
Beginning Visual C++ 6 / |
| Statement of responsibility, etc. |
Ivor Horton. |
| 246 14 - VARYING FORM OF TITLE |
| Title proper/short title |
Ivor Horton's beginning Visual C++ 6 |
| 260 ## - PUBLICATION, DISTRIBUTION, ETC. |
| Place of publication, distribution, etc. |
Indianapolis, IN : |
| Name of publisher, distributor, etc. |
Wrox, |
| Date of publication, distribution, etc. |
c2000. |
| 300 ## - PHYSICAL DESCRIPTION |
| Extent |
xxvii, 1180 p. : |
| Other physical details |
ill. ; |
| Dimensions |
23 cm. |
| 505 ## - FORMATTED CONTENTS NOTE |
| Formatted contents note |
Introduction (Page-1), Programming with Visual C++ (Page71), Variable and Calculations (Page-35), Decisions and Loops (Page-93), Arrays, Pointer and References (Page-129), Introducing Structure Into your Programs (Page-171), More About Program Structure (Page-205), A Taste of Old Fashioned Windows(Page-243), Structuring your Data Using Classes (Page-279), More on Classes (Page-323), Class Inheritance(Page-383), An Example Using Classes(Page-429), Debugging(Page-481), Understanding Windows Programming(Page-523), Working with Menus and Toolbars(Page-561), Drawing in a Window(Page-593), Creating the Documents and Improving the View (Page-645), Working with Dialogs and Controls (Page-705), Storing and Printing Documents (Page-751), Writing your own DLLs (Page-785), Connecting to Data Sources (Page-807), Updating Data Sources (Page-865), Understanding OLE Documents (Page-911), ActiveX Controls (Page-959), Using the Active Template library (Page-1009). |
| 650 #0 - SUBJECT ADDED ENTRY--TOPICAL TERM |
| Topical term or geographic name entry element |
C++ (Computer program language) |
| 856 42 - ELECTRONIC LOCATION AND ACCESS |
| Materials specified |
Contributor biographical information |
| Uniform Resource Identifier |
<a href="http://www.loc.gov/catdir/bios/wiley046/2003107059.html">http://www.loc.gov/catdir/bios/wiley046/2003107059.html</a> |
| 856 42 - ELECTRONIC LOCATION AND ACCESS |
| Materials specified |
Publisher description |
| Uniform Resource Identifier |
<a href="http://www.loc.gov/catdir/description/wiley0310/2003107059.html">http://www.loc.gov/catdir/description/wiley0310/2003107059.html</a> |
| 856 42 - ELECTRONIC LOCATION AND ACCESS |
| Materials specified |
Table of contents |
| Uniform Resource Identifier |
<a href="http://www.loc.gov/catdir/toc/wiley032/2003107059.html">http://www.loc.gov/catdir/toc/wiley032/2003107059.html</a> |
| 942 ## - ADDED ENTRY ELEMENTS (KOHA) |
| Source of classification or shelving scheme |
|
| Koha item type |
Book |
| Call number prefix |
005.133,HOR |